Effect of potassium nitrate dosage in solution knop tomato TMK2 in green-house ឥទ្ធិពលកំហាប់ប៉ូតាស្យូមនីត្រាត ក្នុងសូលុយស្យុងក្នូប លើការលូតលាស់ដំណាំប៉េងប៉ោះ តេ អឹម កា ដឺ ក្នុងលក្ខខណៈផ្ទះប្លាស្ទិច (Record no. 738)

000 -LEADER
fixed length control field 00765nam a22001577a 4500
003 - CONTROL NUMBER IDENTIFIER
control field OSt
005 - DATE AND TIME OF LATEST TRANSACTION
control field 20150918150209.0
008 - FIXED-LENGTH DATA ELEMENTS--GENERAL INFORMATION
fixed length control field 150918b xxu||||| |||| 00| 0 eng d
040 ## - CATALOGING SOURCE
Transcribing agency RUA
082 ## - DEWEY DECIMAL CLASSIFICATION NUMBER
Classification number AGR MAO 2006 Or.1
100 ## - MAIN ENTRY--PERSONAL NAME
9 (RLIN) 771
Personal name MAO, CHANTHA.
245 ## - TITLE STATEMENT
Title Effect of potassium nitrate dosage in solution knop tomato TMK2 in green-house ឥទ្ធិពលកំហាប់ប៉ូតាស្យូមនីត្រាត ក្នុងសូលុយស្យុងក្នូប លើការលូតលាស់ដំណាំប៉េងប៉ោះ តេ អឹម កា ដឺ ក្នុងលក្ខខណៈផ្ទះប្លាស្ទិច
260 ## - PUBLICATION, DISTRIBUTION, ETC. (IMPRINT)
Place of publication, distribution, etc. Phnom Penh
Name of publisher, distributor, etc. RUA
Date of publication, distribution, etc. 2006
300 ## - PHYSICAL DESCRIPTION
Extent 66p.
Other physical details ill.
Dimensions 29cm.
942 ## - ADDED ENTRY ELEMENTS (KOHA)
Source of classification or shelving scheme
Koha item type AGR

No items available.

មជ្ឈមណ្ឌលឯការនៃសាកលវិទ្យាល័យភូមិន្ទកសិកម្មចំការដូង

Powered by Koha